000 00762nam a2200205 a 4500
008 090105s2007 ||||||||||||||||| || u
020 _a084937264X
050 _aQC 462.R2 Wyb
100 _aSmenteck, Lidia
245 1 0 _aOptical spectroscopy of lanthanides: magnetic and hyperfine interactions
_cBrian G. Wybourne and Lidia Smentek
260 _aLondon:
_bCRC Press
_c2007
300 _a[xvii], 333p.: ill.
350 _a0.00
650 _aRARE EARTHMETALS--SPECTRA
650 0 _aPHYSICS
650 _aIONS--SPECTRA
650 0 _aSPECTRUM ANALYSIS
700 _aWybourne, Brian G
995 _D0.00
_FCBU-MAIN LIBRARY (Kitwe)
_H1
_I0.00
_M1
_UAVAILABLE
_WFeb 23, 2009
_ZAnnex Low-Usage Collection
999 _c52713
_d52713